000 00393nam a2200145 i 4500
001 48887
003 ES-MaACL
005 20230906161836.0
007 t|
008 030701s1969 sp ||||1| spa d
245 0 0 _aCordoba
_b: años comprometidos : (1963-1969).
260 _a[Córdoba :
_bAyuntamiento,
_c1969]
300 _a37 h. :
_bil. ;
_c27 cm.
852 _aES-MaACL
_j2069-F-12
_bR.70737
999 _c48887
_d48887